Language evolution

Podrobná bibliografia
Ďalší autori: Christiansen, Morten H. 1963- (Editor), Kirby, Simon (Editor)
Médium: Kniha
Jazyk:angličtina
Fyzický popis:xvii, 395 s. 24 cm
Vydavateľské údaje: Oxford Oxford University Press 2003
ISBN:0199244847 (brož.)
Vydanie:1st publ.
Edícia:Studies in the evolution of language
Predmet:

MARC

LEADER 00000nam a2200000 a 4500
001 vtls001468631
003 SK-MaSNL
005 20260302002746.0
008 171201s2003 xxk g 10100 eng
020 |a 0199244847 (brož.) 
035 |a SNK000423936 
040 |a SNK  |b slo  |c SNK  |e AACR2 
044 |a xxk  |a xxk  |c GB  |c US 
072 7 |a 81  |x Jazykoveda. Jazyky  |2 konspekt 
080 |a 81`0  |2 MDT-MRF 
080 |a 81-112  |2 MDT-MRF 
080 |a 81:39  |2 MDT-MRF 
080 |a (066)  |2 MDT-MRF 
245 0 0 |a Language evolution  |c edited by Morten H. Christiansen, Simon Kirby 
250 |a 1st publ. 
260 |a Oxford  |b Oxford University Press  |c 2003 
300 |a xvii, 395 s.  |c 24 cm 
490 1 |a Studies in the evolution of language 
650 0 7 |a vznik jazyka  |2 SNKPH  |9 74789 
650 0 7 |a historická lingvistika  |2 SNKPH  |9 66914 
650 0 7 |a antropolingvistika  |2 SNKPH  |9 102207 
655 7 |a zborníky  |2 SNKPH  |9 70165 
700 1 |a Christiansen, Morten H.  |d 1963-  |4 edt  |9 640557 
700 1 |a Kirby, Simon  |4 edt  |9 640558 
830 0 |a Studies in the evolution of language  |9 640559 
919 |a 0-19-924484-7 
999 |c 989239  |d 991169 
952 |t P60, <04>, [BOOK], {604}, -K-  |a SNK  |b SNK  |y VYP  |7 0  |p 17A0432159  |o snkIC 131512  |i snkV 1040/2004  |8 2  |g 8.96  |0 0  |1 0  |4 0  |d 2004-02-16  |l 0  |r 2005-01-02 00:00:00  |w 2026-02-24